De l'Égypte après la bataille d'Héliopolis et Considérations générales sur l'organisation physique et politique de ce pays / (رقم التسجيلة. 159263)
[ عرض عادي ]
| 000 -LEADER | |
|---|---|
| fixed length control field | 01033cam a22002534a 4500 |
| 008 - FIXED-LENGTH DATA ELEMENTS--GENERAL INFORMATION | |
| fixed length control field | 210306s1802 fr a 000 0 fre d |
| 040 ## - CATALOGING SOURCE | |
| Original cataloging agency | EG-GiCUC |
| Language of cataloging | fre |
| Transcribing agency | EG-GiCUC |
| 043 ## - GEOGRAPHIC AREA CODE | |
| Geographic area code | f-ua--- |
| -- | e-fr--- |
| 092 04 - LOCALLY ASSIGNED DEWEY CALL NUMBER (OCLC) | |
| Classification number | 940.27420962 |
| Item number | R461 |
| Edition number | 21 |
| 099 ## - LOCAL FREE-TEXT CALL NUMBER (OCLC) | |
| Classification number | 04 |
| -- | 940.27420962 R461 |
| 100 1# - MAIN ENTRY--PERSONAL NAME | |
| Personal name | Reynier, Général |
| 245 13 - TITLE STATEMENT | |
| Title | De l'Égypte après la bataille d'Héliopolis et Considérations générales sur l'organisation physique et politique de ce pays / |
| Statement of responsibility, etc. | par division Reynier |
| 260 ## - PUBLICATION, DISTRIBUTION, ETC. | |
| Place of publication, distribution, etc. | Paris : |
| Name of publisher, distributor, etc. | C. Pougens, an X, |
| Date of publication, distribution, etc. | 1802 |
| 300 ## - PHYSICAL DESCRIPTION | |
| Extent | 254 p. : |
| Other physical details | ill.; |
| Dimensions | 20 cm. |
| 600 10 - SUBJECT ADDED ENTRY--PERSONAL NAME | |
| Personal name | Kleber, Jean-Baptiste, |
| Dates associated with a name | 1753-1800 |
| General subdivision | Military leadership. |
| 650 #0 - SUBJECT ADDED ENTRY--TOPICAL TERM | |
| Topical term or geographic name entry element | Heliopolis, Battle of, Heliopolis, Egypt, 1800. |
| 650 #0 - SUBJECT ADDED ENTRY--TOPICAL TERM | |
| Topical term or geographic name entry element | Second Coalition, War of the, 1798-1801 |
| General subdivision | Campaigns |
| Geographic subdivision | Egypt. |
| 651 #0 - SUBJECT ADDED ENTRY--GEOGRAPHIC NAME | |
| Geographic name | Egypt |
| General subdivision | History |
| Chronological subdivision | French occupation, 1798-1801. |
| 902 ## - LOCAL DATA ELEMENT B, LDB (RLIN) | |
| No. of Items | 1 |
| 905 ## - LOCAL DATA ELEMENT E, LDE (RLIN) | |
| Cataloger | Amro L. |
| Reviser | Cat. |
| 905 ## - LOCAL DATA ELEMENT E, LDE (RLIN) | |
| Cataloger | Jehan |
| Reviser | Rev. |
| 942 ## - ADDED ENTRY ELEMENTS (KOHA) | |
| Source of classification or shelving scheme | Dewey Decimal Classification |
| Koha item type | |
لا توجد مواد متاحة.